David Hasselhoff Fan Quiz - Statistics

General Stats
  • This quiz has been taken 94 times
  • The average score is 5 of 10
Answer Stats
Hint Answer % Correct
Don`t hassel the _____ HOFF
92%
His second best TV-Show? Bay Watch
89%
His best TV-Show? Knight Rider
81%
Name of his talking car in that show? KITT
71%
Who loves David Hasselhoff most? Germans
53%
Where was David born? USA
43%
What made David come down just by singing his signature song? Berlin Wall
40%
First name of his film partner and his second wife? Pamela
33%
His signature song? Looking for freedom
25%
Producer of that song? Jack White
12%
No matching quizzes found
Score Distribution
Percent of People with Each Score
Percentile by Number Answered
Your Score History
You have not taken this quiz